[Event "DVM U12w 2024"]
[Site "Bad Homburg GER"]
[Date "2024.12.28"]
[Round "4"]
[White "Augustin, Luisa"]
[Black "Naz Öksüz, Meryem"]
[Result "0-1"]
[Termination "normal"]
[Board "8.4"]
[WhiteElo "797"]
[BlackElo "1296"]
[WhiteClock "01:34:12"]
[BlackClock "01:28:10"]
[WhiteTeam "SF Brackel 1930"]
[BlackTeam "SK König Plauen"]
[PlyCount "119"]
[WhiteFideId "533025983"]
[BlackFideId "533025860"]
[EventCountry "GER"]
[EventRounds "7"]
[EventType "team-swiss"]
[EventDate "2024.12.26"]

1. e4 {[%clk 01:30:57]} {[%emt 00:00:02]} d5 {[%clk 01:30:17]} {[%emt
00:00:43]} 2. exd5 {[%clk 01:31:16]} {[%emt 00:00:12]} Qxd5 {[%clk 01:30:35]}
{[%emt 00:00:12]} 3. Nc3 {[%clk 01:31:37]} {[%emt 00:00:10]} Qa5 {[%clk
01:30:42]} {[%emt 00:00:22]} 4. Nf3 {[%clk 01:31:19]} {[%emt 00:00:48]} Bf5
{[%clk 01:30:29]} {[%emt 00:00:43]} 5. Bd3 {[%clk 01:31:11]} {[%emt 00:00:38]}
Bxd3 {[%clk 01:30:46]} {[%emt 00:00:12]} 6. cxd3 {[%clk 01:31:33]} {[%emt
00:00:09]} c6 {[%clk 01:30:06]} {[%emt 00:01:10]} 7. O-O {[%clk 01:31:27]}
{[%emt 00:00:36]} Nf6 {[%clk 01:30:16]} {[%emt 00:00:20]} 8. Ne4 {[%clk
01:30:24]} {[%emt 00:01:33]} Nxe4 {[%clk 01:30:12]} {[%emt 00:00:33]} 9. dxe4
{[%clk 01:30:49]} {[%emt 00:00:06]} Qb4 {[%clk 01:30:22]} {[%emt 00:00:19]} 10.
Re1 {[%clk 01:29:46]} {[%emt 00:01:34]} e6 {[%clk 01:29:48]} {[%emt 00:01:04]}
11. d4 {[%clk 01:29:18]} {[%emt 00:00:58]} Nd7 {[%clk 01:29:03]} {[%emt
00:01:15]} 12. Qd2 {[%clk 01:29:15]} {[%emt 00:00:33]} Qxd2 {[%clk 01:29:22]}
{[%emt 00:00:11]} 13. Bxd2 {[%clk 01:29:33]} {[%emt 00:00:12]} Be7 {[%clk
01:29:24]} {[%emt 00:00:28]} 14. d5 {[%clk 01:28:46]} {[%emt 00:01:18]} Nc5
{[%clk 01:29:03]} {[%emt 00:00:50]} 15. dxc6 {[%clk 01:28:33]} {[%emt
00:00:43]} bxc6 {[%clk 01:29:12]} {[%emt 00:00:21]} 16. Rac1 {[%clk 01:28:32]}
{[%emt 00:00:31]} Nd3 {[%clk 01:29:25]} {[%emt 00:00:15]} 17. Rxc6 {[%clk
01:28:29]} {[%emt 00:00:36]} Nxe1 {[%clk 01:26:30]} {[%emt 00:03:20]} 18. Bxe1
{[%clk 01:28:56]} {[%emt 00:00:06]} O-O {[%clk 01:26:39]} {[%emt 00:00:21]} 19.
Ne5 {[%clk 01:27:24]} {[%emt 00:02:02]} f6 {[%clk 01:26:35]} {[%emt 00:00:33]}
20. Nd7 {[%clk 01:27:30]} {[%emt 00:00:25]} Rfd8 {[%clk 01:26:11]} {[%emt
00:00:53]} 21. Rc7 {[%clk 01:27:26]} {[%emt 00:00:35]} Bd6 {[%clk 01:24:56]}
{[%emt 00:01:44]} 22. Rb7 {[%emt 00:01:04]} Rac8 {[%clk 01:23:45]} {[%emt
00:01:27]} 23. g3 {[%clk 01:26:25]} {[%emt 00:01:12]} Rc7 {[%clk 01:22:59]}
{[%emt 00:00:39]} 24. Rxc7 {[%clk 01:26:25]} {[%emt 00:01:07]} Bxc7 {[%clk
01:23:08]} {[%emt 00:00:20]} 25. Nc5 {[%clk 01:26:25]} {[%emt 00:00:29]} Rd1
{[%clk 01:22:57]} {[%emt 00:00:40]} 26. Kf1 {[%clk 01:26:43]} {[%emt 00:00:14]}
Ba5 {[%clk 01:22:59]} {[%emt 00:00:25]} 27. Nd3 {[%clk 01:26:40]} {[%emt
00:00:36]} Bxe1 {[%clk 01:22:48]} {[%emt 00:00:41]} 28. Nxe1 {[%clk 01:26:59]}
{[%emt 00:00:11]} Ra1 {[%clk 01:23:07]} {[%emt 00:00:10]} 29. a3 {[%clk
01:27:17]} {[%emt 00:00:12]} Kf7 {[%clk 01:23:29]} {[%emt 00:00:08]} 30. Ke2
{[%clk 01:27:35]} {[%emt 00:00:12]} f5 {[%clk 01:23:47]} {[%emt 00:00:12]} 31.
exf5 {[%clk 01:27:44]} {[%emt 00:00:21]} exf5 {[%clk 01:24:05]} {[%emt
00:00:10]} 32. f4 {[%clk 01:28:04]} {[%emt 00:00:10]} Ra2 {[%clk 01:24:26]}
{[%emt 00:00:10]} 33. Nd3 {[%clk 01:28:26]} {[%emt 00:00:08]} Ke6 {[%clk
01:24:43]} {[%emt 00:00:14]} 34. Ke3 {[%clk 01:28:47]} {[%emt 00:00:08]} Ra1
{[%clk 01:23:48]} {[%emt 00:01:18]} 35. Nc5+ {[%clk 01:28:45]} {[%emt
00:00:40]} Kd5 {[%clk 01:23:51]} {[%emt 00:00:23]} 36. Nd3 {[%clk 01:28:58]}
{[%emt 00:00:21]} Rh1 {[%clk 01:23:46]} {[%emt 00:00:33]} 37. h4 {[%clk
01:29:23]} {[%emt 00:00:05]} Rh3 {[%clk 01:23:52]} {[%emt 00:00:24]} 38. Kf3
{[%clk 01:29:23]} {[%emt 00:00:31]} Rh1 {[%clk 01:23:06]} {[%emt 00:01:16]} 39.
Ke3 {[%clk 01:28:48]} {[%emt 00:01:06]} Rg1 {[%clk 01:22:31]} {[%emt 00:01:04]}
40. Kf3 {[%clk 01:29:05]} {[%emt 00:00:13]} Kd4 {[%clk 01:22:13]} {[%emt
00:00:45]} 41. Nf2 {[%clk 01:29:19]} {[%emt 00:00:19]} Rb1 {[%clk 01:22:11]}
{[%emt 00:00:27]} 42. b4 {[%clk 01:29:37]} {[%emt 00:00:18]} Rb3+ {[%clk
01:22:24]} {[%emt 00:00:16]} 43. Ke2 {[%clk 01:29:59]} {[%emt 00:02:39]} Rxa3
{[%clk 01:24:58]} {[%emt 00:00:17]} 44. g4 {[%clk 01:30:20]} {[%emt 00:00:08]}
Ra2+ {[%clk 01:25:14]} {[%emt 00:00:14]} 45. Kf3 {[%clk 01:30:40]} {[%emt
00:00:10]} fxg4+ {[%clk 01:24:59]} {[%emt 00:00:46]} 46. Nxg4 {[%clk 01:31:00]}
{[%emt 00:00:10]} Ra3+ {[%clk 01:25:18]} {[%emt 00:00:10]} 47. Kg2 {[%clk
01:31:03]} {[%emt 00:00:18]} Ke4 {[%clk 01:25:32]} {[%emt 00:00:24]} 48. Nf2+
{[%clk 01:31:05]} {[%emt 00:00:30]} Kxf4 {[%clk 01:25:42]} {[%emt 00:00:20]}
49. b5 {[%clk 01:31:24]} {[%emt 00:00:11]} Rb3 {[%clk 01:25:01]} {[%emt
00:01:12]} 50. Nd1 {[%clk 01:31:30]} {[%emt 00:00:23]} Rxb5 {[%clk 01:25:13]}
{[%emt 00:00:19]} 51. Kf2 {[%clk 01:31:38]} {[%emt 00:00:21]} a5 {[%clk
01:25:30]} {[%emt 00:00:14]} 52. h5 {[%clk 01:31:48]} {[%emt 00:00:20]} a4
{[%clk 01:25:51]} {[%emt 00:00:09]} 53. Nc3 {[%clk 01:31:47]} {[%emt 00:00:31]}
Rb2+ {[%clk 01:26:14]} {[%emt 00:00:07]} 54. Ke1 {[%clk 01:31:55]} {[%emt
00:00:22]} a3 {[%clk 01:26:32]} {[%emt 00:00:12]} 55. Kd1 {[%clk 01:32:16]}
{[%emt 00:00:09]} a2 {[%clk 01:26:34]} {[%emt 00:00:29]} 56. Nxa2 {[%clk
01:32:37]} {[%emt 00:00:08]} Rxa2 {[%clk 01:26:58]} {[%emt 00:00:06]} 57. h6
{[%clk 01:32:58]} {[%emt 00:00:08]} gxh6 {[%clk 01:27:23]} {[%emt 00:00:06]}
58. Ke1 {[%clk 01:33:24]} {[%emt 00:00:05]} Kf3 {[%clk 01:27:45]} {[%emt
00:00:07]} 59. Kd1 {[%clk 01:33:45]} {[%emt 00:00:09]} Ke3 {[%clk 01:28:10]}
{[%emt 00:00:05]} 60. Kc1 {[%clk 01:34:12]} {[%emt 00:00:03]} 0-1